[Event "CAN-ch U10 Girls"]
[Site "Ottawa"]
[Date "2007.07.04"]
[Round "4"]
[White "Giblon, Rebecca"]
[Black "Mehdiyeva, Masha"]
[Result "1-0"]
[WhiteElo "1324"]
[BlackElo "1083"]
[PlyCount "45"]
[EventDate "2007.07.03"]
[EventType "swiss"]
[EventRounds "6"]
[EventCountry "CAN"]
[SourceTitle "EXT 2022"]
[Source "ChessBase"]
[SourceDate "2021.10.06"]
[SourceVersion "1"]
[SourceVersionDate "2021.10.06"]
[SourceQuality "1"]

1. e4 c5 2. Nf3 d6 3. d4 cxd4 4. Nxd4 Nf6 5. Nc3 g6 6. Be3 Bg7 7. Qd2 Nc6 8. Nxc6 bxc6 9. 0-0-0 0-0 10. h3 Bh8 11. e5 dxe5 12. Qxd8 Rxd8 13. Rxd8+ Kg7 14. Ba6 Bxa6 15. Rxa8 Nd5 16. Nxd5 cxd5 17. Rxa7 Bc4 18. Rxe7 d4 19. Bg5 Bxa2 20. b3 Bxb3 21. cxb3 Kf8 22. Rc7 e4 23. Bh6+ 1-0